00236nam a2200097Ia 4500008004100000041000800041082001200049100001400061245003700075260002600112231212s1976 xx 000 0 und d aeng a621.381 aFrankland aThe Pipe Fifter's & Pipe Welders aLandonbNew Heic1976